000 00647nam a2200193Ia 4500
003 GCL
008 140319s9999 xx 000 0 ara d
040 _aGCL /
_cGCL
082 0 4 _a812.052
_bم د
100 1 _aمحمد عنانى
245 1 0 _aالدرويش والغازية : كوميديا غنائية شعبية فانطازية /
_cمحمد عنانى
260 _a[S.N] :
_bالهيئة المصرية العامة للكتاب ،
_c1994
300 _a122 ص
490 _a
650 0 4 _aالادب العربى
650 0 4 _aالمسرحيات الكوميدية
650 0 4 _aالمسرحيات العربية
942 _2ddc
_cBK
999 _c33411
_d33411